Kapky deště /

Hlavní autor: Andrews, V. C. 1923-1986
Další autoři: Lexová, Věnceslava
Jazyk: Čeština
Vydáno: V Praze : Ikar, 2003
Vydání: Vyd. 1.
Témata:
Externí odkaz: Digitalizovaný dokument
Fyzický popis: 366 s. ; 21 cm
Knihy
Uloženo v:
LEADER 01200nam a2200337 a 4500
001 000671618
003 CZ BrMZK
005 20050630114102.0
007 ta
008 030527s2003 xr g 000 f cze d
015 |a cnb001202159 
020 |a 80-249-0194-3  |q (váz.) 
035 |a (OCoLC)53266925 
040 |a BOA001  |b cze 
041 1 |a cze  |h eng 
072 7 |a 821.111(73)-3  |x Americká próza  |2 Konspekt  |9 25 
080 |a 821.111(71)-31  |2 MRF 
080 |a (0:82-31)  |2 MRF 
100 1 |a Andrews, V. C.  |q (Virginia C.),  |d 1923-1986  |7 jn19990000186  |4 aut 
245 1 0 |a Kapky deště /  |c V.C. Andrews ; [z anglického originálu přeložila Věnceslava Lexová] 
250 |a Vyd. 1. 
260 |a V Praze :  |b Ikar,  |c 2003 
300 |a 366 s. ;  |c 21 cm 
500 |a Překlad z angličtiny 
655 7 |a americké romány  |7 fd131796  |2 czenas 
700 1 |a Lexová, Věnceslava  |7 jk01072003  |4 trl 
765 0 |t Rain  |9 Česky 
856 4 1 |u http://www.digitalniknihovna.cz/mzk/uuid/uuid:b25bde20-2c14-11e3-8d9d-005056827e51  |y Digitalizovaný dokument  |x NDK 
910 |a BOA001  |b 2-1117.783 
990 |a BK 
996 6 |b 2610191149  |c 2-1117.783  |l MZK  |r Sklad / do 1 hodiny  |n 7  |p p.v.  |w 000671618  |u 000010  |a 1  |e BOA001  |j MZK50  |s P